Instructions: for preparation of papers and monographs

Uloženo v:
Podrobná bibliografie
Korporativní autor: American Mathematical Society (Autor)
Médium: Kniha
Jazyk:angličtina
Vydáno: Providence American Mathematical Society 1990
Edice:Ams Latex
Témata:
Tagy: Přidat tag
Žádné tagy, Buďte první, kdo vytvoří štítek k tomuto záznamu!

MARC

LEADER 00000nam a2200000 a 4500
001 UCT5603
003 CL-VaPUC
008 961216e19900000US |||||||||||||||||eng|d
082 0 4 |a 001.42  |b AME  |2 21 
110 2 |a American Mathematical Society  |e author  |9 375171 
245 1 0 |a Instructions: for preparation of papers and monographs 
300 |a 2 v 
942 |c BK 
945 |d 19961216 00:00:00  |a nastorga 
260 |a Providence  |b American Mathematical Society  |c 1990 
650 7 |a REDACCION DE INFORMES  |2 CL-VaPUC  |9 375172 
650 0 |a Monografías   |9 352449 
650 0 |a Manuales  |9 257144 
650 0 |a Compilación bibliográfica  |9 338369 
650 0 |a Investigación  |9 257811 
650 7 |a PREPARACION DE DATOS  |2 CL-VaPUC  |9 375173 
650 0 |a Bibliografías   |9 257071 
650 7 |a MATERIAL IMPRESO  |2 CL-VaPUC  |9 352448 
583 |a last modification  |c 20130422 12:24:16  |k Rodrigo Vera 
490 0 |a Ams Latex 
999 |c 254498  |d 254496